000 00524nam a22001697a 4500
008 140904b xxu||||| |||| 00| 0 eng d
020 _a9780406037923
050 _aKD288.A64(1995 vol. 1)
245 _aThe All England Law Reports 1995 (vol.1). /
_cedited by Peter Hutchesson and Caroline Vandridge-Ames
260 _aLondon:
_bButterworth,
_c1995.
300 _axx, 1024p.:
_c25cm.
440 _vVol. 1
500 _aIncludes index
700 _aHutchesson, Peter
700 _aVandridge-Amen, Carolyn
942 _2lcc
_cBK
999 _c4287
_d11787